000 00459nam a22001577a 4500
003 MPLRDC
005 20220104144006.0
008 210129b ||||| |||| 00| 0 eng d
082 _a051.3 K1ZK v.21 1964
100 _a特刊编辑委员会
245 _a尊孔中学高中第廿一届, 初中第卅七届毕业纪念特刊 1964
_c
260 _a
_b尊孔中学
_c1964
300 _b
650 _a学术纪要、学刊
942 _cBK
_o051.3 K1ZK v.21 1964
999 _c45321
_d45311